| 000 | 00390nam a2200145 a 4500 | ||
|---|---|---|---|
| 001 | 2713 | ||
| 003 | CDMR | ||
| 005 | 20130116135235.0 | ||
| 008 | 130130s2009||||||||||||||||||||||||||||d | ||
| 040 |
_aCDMR _bcat _cCPC GIRONA |
||
| 100 | 1 |
_aSan Eugenio, Jordi de _92037 |
|
| 245 | 1 | 0 |
_aManual de Comunicació Turística _cde San Eugenio, Jordi |
| 260 |
_c2009 _bDocumenta Universitaria |
||
| 942 | _cMON | ||
| 999 |
_c2713 _d2713 |
||